[Event "Florianopolis op 10th"]
[Site "Florianopolis"]
[Date "2024.01.24"]
[Round "6"]
[White "De Carli Filho, Carlos"]
[Black "Carvalho, Eduardo Meireles"]
[Result "1-0"]
[WhiteElo "2038"]
[BlackElo "1476"]
[PlyCount "77"]
[EventDate "2024.01.20"]
[EventType "swiss"]
[EventRounds "10"]
[EventCountry "BRA"]
[SourceTitle "CB05_2024"]
[SourceDate "2024.01.31"]
[SourceVersion "1"]
[SourceVersionDate "2024.01.31"]
[SourceQuality "1"]

1. e4 c6 2. d4 d5 3. exd5 cxd5 4. c4 Nf6 5. Nc3 e6 6. Nf3 Bb4 7. Bd3 0-0 8. 0-0 Bxc3 9. bxc3 dxc4 10. Bxc4 b6 11. Ba3 Re8 12. Bb5 Bd7 13. Be2 Qc7 14. c4 Bc6 15. Rc1 Qb7 16. Qd2 Nbd7 17. Rfe1 Rad8 18. Bb2 Nc5 19. Qf4 Nce4 20. Ne5 Nd6 21. Nxc6 Qxc6 22. d5 exd5 23. Bxf6 gxf6 24. Qxf6 Rc8 25. Qg5+ Kh8 26. Bf3 Nxc4 27. Rxe8+ Qxe8 28. Qxd5 Rc5 29. Qd4+ Qe5 30. Qd8+ Kg7 31. Qh4 Nd2 32. Qg4+ Kh6 33. Rd1 Nxf3+ 34. Qxf3 Kg6 35. h4 h5 36. g3 Qf5 37. Qe3 Rc2 38. Rd6+ Kh7 39. Qh6+ 1-0

[Event "Florianopolis op 10th"]
[Site "Florianopolis"]
[Date "2024.01.22"]
[Round "4"]
[White "De Carli Filho, Carlos"]
[Black "Branco, Joao Pedro Belaglov"]
[Result "0-1"]
[WhiteElo "2038"]
[BlackElo "1778"]
[PlyCount "116"]
[EventDate "2024.01.20"]
[EventType "swiss"]
[EventRounds "10"]
[EventCountry "BRA"]
[SourceTitle "CB05_2024"]
[SourceDate "2024.01.31"]
[SourceVersion "1"]
[SourceVersionDate "2024.01.31"]
[SourceQuality "1"]

1. d4 Nf6 2. c4 e6 3. Nc3 Bb4 4. Qc2 0-0 5. a3 Bxc3+ 6. Qxc3 d5 7. Bg5 dxc4 8. Qxc4 Nbd7 9. Rc1 c6 10. Nf3 h6 11. Bh4 g5 12. Bg3 Ne4 13. b4 a5 14. b5 a4 15. Qc2 Qa5+ 16. Nd2 f5 17. e3 cxb5 18. Bc7 b6 19. f3 Nxd2 20. Qxd2 Ba6 21. Qxa5 bxa5 22. Bxa5 Rfc8 23. Rxc8+ Rxc8 24. Kd2 e5 25. Bd3 exd4 26. exd4 Rf8 27. Rc1 Rf6 28. Rc7 Rd6 29. Bxf5 Nf6 30. Ra7 Rxd4+ 31. Ke2 Rd6 32. Bb4 Rb6 33. Bb1 Bb7 34. Ba5 Re6+ 35. Kf2 Bd5 36. Bd3 Rc6 37. Bxb5 Rc2+ 38. Be2 Bc4 39. Re7 Nd5 40. Re4 Bd3 41. Rd4 Rxe2+ 42. Kg1 Nf4 43. g3 Nh3+ 44. Kh1 Bc2 45. Rd2 Rxd2 46. Bxd2 g4 47. Kg2 h5 48. Be3 Kf7 49. f4 Bd3 50. Bc5 Ke6 51. Bb4 Kf5 52. Bc5 Ke4 53. Bb6 Kd5 54. Be3 Ke4 55. Bb6 Bc4 56. Bc5 Kd3 57. f5 Ke2 58. f6 Bd5# 0-1

[Event "BRA-ch U26"]
[Site "Joinville"]
[Date "2023.10.13"]
[Round "6"]
[White "De Carli Filho, Carlos"]
[Black "Trevisan de Lima, Victor"]
[Result "1-0"]
[WhiteElo "2038"]
[BlackElo "1880"]
[PlyCount "69"]
[EventDate "2023.10.09"]
[EventType "swiss"]
[EventRounds "6"]
[EventCountry "BRA"]
[SourceTitle "Mega2024 Update 01"]
[Source "Chessbase"]
[SourceDate "2023.11.12"]
[SourceVersion "1"]
[SourceVersionDate "2023.11.12"]
[SourceQuality "1"]

1. c4 Nf6 2. Nc3 g6 3. d4 Bg7 4. e4 d6 5. Nf3 0-0 6. Be2 e5 7. d5 a5 8. Bg5 Na6 9. Nd2 h6 10. Bh4 Nc5 11. b3 Qe7 12. a3 g5 13. Bg3 Nfxe4 14. Ndxe4 Nxe4 15. Nxe4 f5 16. Bd3 fxe4 17. Bxe4 Bf5 18. Qc2 Qf7 19. 0-0 h5 20. f3 Qg6 21. Rae1 Rf7 22. Bxf5 Rxf5 23. Re4 g4 24. fxg4 Rxf1+ 25. Kxf1 Rf8+ 26. Kg1 Bh6 27. Qe2 h4 28. Bxh4 Rf4 29. Rxf4 Bxf4 30. g3 Bh6 31. g5 Bg7 32. Kg2 e4 33. Qg4 Kh8 34. Qe6 Qh5 35. Qxe4 1-0

[Event "BRA-ch U26"]
[Site "Joinville"]
[Date "2023.10.11"]
[Round "4"]
[White "De Carli Filho, Carlos"]
[Black "Cruz, Kadmiel Asafhe Moua"]
[Result "1-0"]
[WhiteElo "2038"]
[BlackElo "1800"]
[PlyCount "47"]
[EventDate "2023.10.09"]
[EventType "swiss"]
[EventRounds "6"]
[EventCountry "BRA"]
[SourceTitle "Mega2024 Update 01"]
[Source "Chessbase"]
[SourceDate "2023.11.12"]
[SourceVersion "1"]
[SourceVersionDate "2023.11.12"]
[SourceQuality "1"]

1. d4 Nf6 2. c4 e6 3. Nc3 d5 4. cxd5 Nxd5 5. e4 Nxc3 6. bxc3 Be7 7. Nf3 0-0 8. Bd3 Nd7 9. 0-0 c5 10. Be3 b6 11. a4 Bb7 12. Qe2 Rb8 13. h3 Re8 14. Bf4 Rc8 15. Bb5 Bc6 16. Rac1 Nf6 17. Rfd1 Bd6 18. Bxd6 Qxd6 19. e5 Qe7 20. exf6 Qxf6 21. Bxc6 Rxc6 22. Ne5 Rc7 23. dxc5 Rxc5 24. Nd7 1-0

[Event "BRA-ch U26"]
[Site "Joinville"]
[Date "2023.10.10"]
[Round "3"]
[White "De Carli Filho, Carlos"]
[Black "Nakagawa, Lucas Hiroshi Dos S"]
[Result "1-0"]
[WhiteElo "2038"]
[BlackElo "1800"]
[PlyCount "126"]
[EventDate "2023.10.09"]
[EventType "swiss"]
[EventRounds "6"]
[EventCountry "BRA"]
[SourceTitle "Mega2024 Update 01"]
[Source "Chessbase"]
[SourceDate "2023.11.12"]
[SourceVersion "1"]
[SourceVersionDate "2023.11.12"]
[SourceQuality "1"]

1. e4 c5 2. Nf3 d6 3. d4 cxd4 4. Nxd4 Nf6 5. Nc3 a6 6. Be2 e6 7. 0-0 Be7 8. Be3 0-0 9. f4 b5 10. Bf3 e5 11. Nb3 Nbd7 12. f5 Bb7 13. a3 Qc7 14. Kh1 Nc5 15. Nxc5 dxc5 16. Qe2 b4 17. axb4 cxb4 18. Na4 Bxe4 19. Bxe4 Nxe4 20. Nb6 Rad8 21. Rxa6 Bc5 22. Na4 Bxe3 23. Qxe3 Qxc2 24. f6 Rd1 25. Re1 Rxe1+ 26. Qxe1 Rd8 27. h3 gxf6 28. Kh2 Rd1 29. Qh4 Qb1 30. Qg4+ Ng5 31. Rxf6 Rh1+ 32. Kg3 Qe1+ 33. Rf2 h6 34. h4 Rf1 35. hxg5 Qxf2+ 36. Kh2 Qf4+ 37. Qxf4 Rxf4 38. gxh6 Rh4+ 39. Kg3 Rxh6 40. Nc5 Rc6 41. Nd3 Rc4 42. Nxe5 Rc2 43. Nd3 b3 44. Kf3 Rd2 45. Ke3 Rxg2 46. Kd4 Kg7 47. Kc4 f5 48. Kxb3 Kf6 49. Kc4 Rg4+ 50. Kc5 f4 51. b4 Ke6 52. b5 f3 53. b6 Rg5+ 54. Kc6 Rg8 55. b7 Kf5 56. Kc7 Ke4 57. Nf2+ Ke3 58. Ng4+ Rxg4 59. b8Q f2 60. Qb3+ Kf4 61. Kd6 f1Q 62. Qf7+ Ke3 63. Qxf1 Rd4+ 1-0

[Event "BRA-ch U26"]
[Site "Brasilia"]
[Date "2022.09.22"]
[Round "4"]
[White "Pereira, Elivan Dos Santos"]
[Black "De Carli Filho, Carlos"]
[Result "1-0"]
[WhiteElo "1692"]
[BlackElo "2038"]
[PlyCount "94"]
[EventDate "2022.09.20"]
[EventType "swiss"]
[EventRounds "6"]
[EventCountry "BRA"]
[SourceTitle "EXT 2024"]
[Source "ChessBase"]
[SourceDate "2023.10.10"]
[SourceVersion "1"]
[SourceVersionDate "2023.10.10"]
[SourceQuality "1"]

1. d4 d5 2. c4 e6 3. Nc3 Nf6 4. Bg5 Be7 5. e3 Nbd7 6. Nf3 h6 7. Bh4 0-0 8. a3 c5 9. cxd5 Nxd5 10. Bxe7 Nxe7 11. Be2 b6 12. 0-0 Bb7 13. Rc1 cxd4 14. Nxd4 Nf6 15. Qb3 Qb8 16. Nxe6 Re8 17. Nf4 Qe5 18. Nb5 Ned5 19. Bf3 Re7 20. Nxd5 Bxd5 21. Bxd5 Nxd5 22. Nd4 Qh5 23. Rfd1 Nf6 24. h3 Ne4 25. Nf3 Rae8 26. Rd5 Qg6 27. Rcd1 Nxf2 28. Kxf2 Rxe3 29. Qxe3 Rxe3 30. Kxe3 Qxg2 31. Rd8+ Kh7 32. h4 Qxb2 33. R1d3 Qc1+ 34. Kf2 b5 35. R8d7 Qc4 36. Re3 Qc2+ 37. Ke1 Qc1+ 38. Ke2 Qc2+ 39. Nd2 Qc4+ 40. Red3 Qg4+ 41. Nf3 Qc4 42. Kf2 Qc2+ 43. Kg3 Qc6 44. Kh2 Qc2+ 45. Nd2 Qc4 46. Rxf7 Qxh4+ 47. Kg2 Qg4+ 1-0

[Event "Rio de Janeiro op"]
[Site "Rio de Janeiro"]
[Date "2022.04.22"]
[Round "3"]
[White "Alboredo, Julia"]
[Black "De Carli Filho, Carlos"]
[Result "1-0"]
[WhiteElo "2252"]
[BlackElo "2054"]
[PlyCount "41"]
[EventDate "2022.04.21"]
[EventType "swiss"]
[EventRounds "6"]
[EventCountry "BRA"]
[SourceTitle "CBM 207 Extra"]
[Source "ChessBase"]
[SourceDate "2022.05.31"]
[SourceVersion "1"]
[SourceVersionDate "2022.05.31"]
[SourceQuality "1"]

1. e4 c5 2. Nf3 e6 3. d4 cxd4 4. Nxd4 Nc6 5. Nc3 Qc7 6. Be3 a6 7. g4 b5 8. Nxc6 dxc6 9. Qf3 Bd6 10. 0-0-0 Ne7 11. h4 Bb7 12. h5 h6 13. Kb1 Be5 14. Bc5 0-0 15. g5 hxg5 16. h6 gxh6 17. Rxh6 Rfd8 18. Bd3 Ng6 19. Rdh1 Bg7 20. Qh5 Qe5 21. Rh8+ 1-0

[Event "Rio de Janeiro op"]
[Site "Rio de Janeiro"]
[Date "2022.04.21"]
[Round "2"]
[White "De Carli Filho, Carlos"]
[Black "Guzman, Alessandro Lucien D"]
[Result "1-0"]
[WhiteElo "2054"]
[BlackElo "1675"]
[PlyCount "61"]
[EventDate "2022.04.21"]
[EventType "swiss"]
[EventRounds "6"]
[EventCountry "BRA"]
[SourceTitle "CBM 207 Extra"]
[Source "ChessBase"]
[SourceDate "2022.05.31"]
[SourceVersion "1"]
[SourceVersionDate "2022.05.31"]
[SourceQuality "1"]

1. e4 c5 2. Nf3 Nc6 3. d4 cxd4 4. Nxd4 d6 5. c4 a6 6. Nc3 Nf6 7. Be2 g6 8. Be3 Bg7 9. f3 0-0 10. Qd2 Nxd4 11. Bxd4 Nd7 12. Be3 Qa5 13. Rc1 Ne5 14. b3 Be6 15. Nd5 Qxd2+ 16. Kxd2 Bxd5 17. cxd5 Rac8 18. f4 Nd7 19. Bg4 Rcd8 20. Rc7 Nf6 21. Bf3 e6 22. dxe6 fxe6 23. Rhc1 Rf7 24. Rxf7 Kxf7 25. Bb6 Rd7 26. g4 Ne8 27. g5 Bf8 28. h4 Be7 29. Rc8 Ng7 30. Rh8 e5 31. Bg4 1-0

[Event "Linhares Espirito Santo-ch"]
[Site "Linhares"]
[Date "2022.03.19"]
[Round "4"]
[White "Ferreira, Andrei Dias"]
[Black "De Carli Filho, Carlos"]
[Result "1/2-1/2"]
[WhiteElo "1983"]
[BlackElo "2044"]
[PlyCount "85"]
[EventDate "2022.03.18"]
[EventType "swiss"]
[EventRounds "6"]
[EventCountry "BRA"]
[SourceTitle "EXT 2023"]
[Source "ChessBase"]
[SourceDate "2022.10.05"]
[SourceVersion "1"]
[SourceVersionDate "2022.10.05"]
[SourceQuality "1"]

1. e4 c5 2. Nf3 e6 3. d4 cxd4 4. Nxd4 Nc6 5. Nc3 Qc7 6. f4 a6 7. Nxc6 bxc6 8. Bd3 d5 9. Qe2 Nf6 10. 0-0 Be7 11. Bd2 a5 12. Kh1 dxe4 13. Nxe4 0-0 14. Rf3 Rd8 15. c4 Bb7 16. Bc3 c5 17. Bxf6 Bxf6 18. Nxf6+ gxf6 19. Rg3+ Kf8 20. Rf1 Rd4 21. Bxh7 Rxf4 22. Rg8+ Ke7 23. Rxa8 Bxa8 24. Rxf4 Qxf4 25. Bc2 Be4 26. h3 Qc1+ 27. Bd1 f5 28. b3 Bb1 29. Kh2 Qf4+ 30. g3 Qd4 31. a4 Be4 32. h4 Bd3 33. Qd2 e5 34. Bc2 e4 35. Bxd3 Qxd3 36. Qg5+ Ke6 37. Qh6+ Kd7 38. Qf6 Qe2+ 39. Kh3 Qg4+ 40. Kh2 Qe2+ 41. Kh3 Qg4+ 42. Kh2 Qe2+ 43. Kh3 1/2-1/2

[Event "Linhares Espirito Santo-ch"]
[Site "Linhares"]
[Date "2022.03.19"]
[Round "2"]
[White "Souza Filho, Namyr Carlos"]
[Black "De Carli Filho, Carlos"]
[Result "1-0"]
[WhiteElo "2099"]
[BlackElo "2044"]
[PlyCount "73"]
[EventDate "2022.03.18"]
[EventType "swiss"]
[EventRounds "6"]
[EventCountry "BRA"]
[SourceTitle "EXT 2023"]
[Source "ChessBase"]
[SourceDate "2022.10.05"]
[SourceVersion "1"]
[SourceVersionDate "2022.10.05"]
[SourceQuality "1"]

1. e4 c5 2. c3 Nf6 3. e5 Nd5 4. d4 cxd4 5. Nf3 e6 6. cxd4 b6 7. Bd3 Ba6 8. 0-0 Be7 9. Nc3 Nxc3 10. bxc3 Bxd3 11. Qxd3 d5 12. exd6 Qxd6 13. a4 0-0 14. Ne5 Nc6 15. Nc4 Qc7 16. Bb2 Rac8 17. Rfc1 Rfd8 18. Ne3 Na5 19. c4 Bg5 20. d5 e5 21. h4 Bxe3 22. Qxe3 Nxc4 23. Qe4 f6 24. Rc3 Nd6 25. Qb4 Qd7 26. Rxc8 Rxc8 27. a5 Rc4 28. Qd2 b5 29. a6 Rxh4 30. Rc1 Rc4 31. Qe3 Rxc1+ 32. Bxc1 Qc7 33. Ba3 Nc4 34. Qc5 Qb8 35. d6 Nxa3 36. d7 Kf7 37. Qc8 1-0